- Vygotskii, L. S.
Entry Nombre Personal
001 - NUMERO DE CONTROL
- campo de control: 27895
003 - IDENTIFICADOR DE NUMERO DE CONTROL
- campo de control: DLC
005 - FECHA Y HORA DE LA ÜLTIMA TRANSACCIÓN
- campo de control: 20220919103126.0
008 - DATOS DE LONGITUD FIJA
- campo de control de longitud fija: 220919n| azannaabn |b aaa
010 ## - NÚMERO DE CONTROL DE LA BIBLIOTECA DEL CONGRESO
- Número de control LC: n 83062700
- Número de Control LC Cancelado/inválido: n 50063247
016 ## - NÚMERO DE CONTROL DE UNA AGENCIA BIBLIOGRÁFICA NACIONAL
- Número de control del registro: 1030C9494E
035 ## - NUMERO DE CONTROL
- Número de control: (OCoLC)oca00946466
040 ## - FUENTE DE CATALOGACIÓN
- Agencia original de catalogación: DLC
- Lenguaje de catalogación: spa
- Description conventions: rda
- Agencia de transcripción: DLC
- Agencia que lo modifica: DLC
- Agencia que lo modifica: OCoLC
- Agencia que lo modifica: InU
- Agencia que lo modifica: DNLM
- Agencia que lo modifica: CaOONL
- Agencia que lo modifica: MX-MxUPN
042 ## - CÓDIGO DE AUTENTICACIÓN
- Código de autenticación: nlc
046 ## - FECHAS CON CODIFICACIÓN ESPECIAL
- Fecha de nacimiento: 1896
- Fecha de muerte: 1934
- Fuente del formato de fecha: edtf
100 1# - ENCABEZAMIENTO - NOMBRE PERSONAL
- Nombre personal: Vygotskii, L. S.
- Fuller form of name: (Lev Semenovich),
- Fechas asociadas con el nombre: 1896-1934
378 ## - FORMA COMPLETA DE NOMBRE PERSONAL
- Fuller form of personal name: Lev Semenovich
400 1# - VEÁSE - NOMBRE DE PERSONA
- Personal name: Wygotski, Lew Semjonowitsch,
- Dates associated with a name: 1896-1934
400 1# - VEÁSE - NOMBRE DE PERSONA
- Personal name: Vygotsky, L. S.
- Fuller form of name: (Lev Semenovich),
- Dates associated with a name: 1896-1934
400 1# - VEÁSE - NOMBRE DE PERSONA
- Control subfield: nna
- Personal name: Vygotskiĭ, Lev Semenovich,
- Dates associated with a name: 1896-1934
400 1# - VEÁSE - NOMBRE DE PERSONA
- Personal name: Vygotsky, Lev Semenovich,
- Dates associated with a name: 1896-1934
400 1# - VEÁSE - NOMBRE DE PERSONA
- Personal name: Vygotskij, Lev Semenovic,
- Dates associated with a name: 1896-1934
400 1# - VEÁSE - NOMBRE DE PERSONA
- Personal name: Wigotsky, L.,
- Dates associated with a name: 1896-1934
400 1# - VEÁSE - NOMBRE DE PERSONA
- Personal name: Vigotski, Lev S.,
- Dates associated with a name: 1896-1934
400 1# - VEÁSE - NOMBRE DE PERSONA
- Personal name: Vigotski, L. S.
- Fuller form of name: (Lev S.),
- Dates associated with a name: 1896-1934
400 1# - VEÁSE - NOMBRE DE PERSONA
- Personal name: Wei-ko-tzʻu-chi, Lieh Hsieh,
- Dates associated with a name: 1896-1934
400 1# - VEÁSE - NOMBRE DE PERSONA
- Personal name: Wygotski, L. S.
- Fuller form of name: (Lew Semjonowitsch),
- Dates associated with a name: 1896-1934
400 1# - VEÁSE - NOMBRE DE PERSONA
- Personal name: Vygotski, Lev Sémionovitch,
- Dates associated with a name: 1896-1934
400 1# - VEÁSE - NOMBRE DE PERSONA
- Personal name: Выготский, Л. С.
- Fuller form of name: (Лев Семенович),
- Dates associated with a name: 1896-1934
400 1# - VEÁSE - NOMBRE DE PERSONA
- Personal name: ויגוצקי, לב,
400 1# - VEÁSE - NOMBRE DE PERSONA
- Personal name: Vigotszkij, L. Sz.,
- Dates associated with a name: 1896-1934
670 ## - FUENTE EN LA QUE SE LOCALIZARON DATOS
- Cita de la fuente: Varshava, B. E. Psikhologicheskiĭ slovarʹ, 1931.
670 ## - FUENTE EN LA QUE SE LOCALIZARON DATOS
- Cita de la fuente: Wertsch, J.V. Vygotsky and the social formation of mind, 1985:
- Información localizada: portada (Lev Semenovich Vygotsky)
670 ## - FUENTE EN LA QUE SE LOCALIZARON DATOS
- Cita de la fuente: Rissom, I. Der Begriff des Zeichens in den Arbeiten Lev Semenovic Vygotskijs, 1985:
- Información localizada: portada (Lev Semenovic Vygotskijs)
670 ## - FUENTE EN LA QUE SE LOCALIZARON DATOS
- Cita de la fuente: En su obra: Voobrazhenie i tvorchestvo v detskom vozraste [MI] 1930:
- Información localizada: portada (L. Wigotsky)
670 ## - FUENTE EN LA QUE SE LOCALIZARON DATOS
- Cita de la fuente: Actualidad de Lev S. Vigotski, 1987:
- Información localizada: portada (Lev S. Vigotski) página 7 (L.S. Vigotski)
670 ## - FUENTE EN LA QUE SE LOCALIZARON DATOS
- Cita de la fuente: Vygotskiĭ, L. S. I shu hsin li hsueh, 1985:
- Información localizada: portada (Lieh Hsieh Wei-ko-tzʻu-chi)
670 ## - FUENTE EN LA QUE SE LOCALIZARON DATOS
- Cita de la fuente: Koczanowicz, L. Analizy ludzkiego działania, 1990:
- Información localizada: portada (L.S. Wygotskiego)
670 ## - FUENTE EN LA QUE SE LOCALIZARON DATOS
- Cita de la fuente: Avec Vygotski, c1999:
- Información localizada: página 81 (Lev Sémionovitch Vygotski)
670 ## - FUENTE EN LA QUE SE LOCALIZARON DATOS
- Cita de la fuente: En su obra: Gondolkodás és beszéd, 1967:
- Información localizada: portada (L.Sz. Vigotszkij)
700 16 - ASIENTO LIGADO AL ENCABEZAMIENTO - NOMBRE PERSONAL
- Personal name: Vygotskiĭ, L. S.
- Fuller form of name: (Lev Semenovich),
- Dates associated with a name: 1896-1934
- Número de control del registro de autoridad o número normalizado: (CaOONL)ncf10654390
902 ## - CATALOGADOR
- Catalogador: NDAF/190922
